[Event "2012(Zaozhuang-China) Asian Nations Chess Cup"]
[Site "ZaoZhuang, China"]
[Date "2012.05.22"]
[Round "5"]
[Board "4"]
[White "Nguyen, Van Huy"]
[Black "Ding, Liren"]
[Result "1/2-1/2"]
[WhiteElo "2502"]
[BlackElo "2679"]
[PlyCount "0"]
[EventDate "2012.05.17"]
[EventType "team"]
[EventRounds "9"]
[EventCountry "CHN"]
[WhiteTeam "Vietnam"]
[BlackTeam "China 1"]

1. d4 Nf6 2. Nf3 g6 3. g3 Bg7 4. Bg2 O-O 5. c4 d6 6. O-O Nc6 7. Nc3 a6 8. Bf4
Bf5 9. Rc1 Ne4 10. Nxe4 Bxe4 11. d5 Nb8 12. Qd2 c5 13. dxc6 Nxc6 14. Bh6 Qb6
15. Bxg7 Kxg7 16. Nh4 Bxg2 17. Nxg2 Qd4 18. Rfd1 Qxd2 19. Rxd2 Rac8 20. Ne3 f5
21. c5 Ne5 22. Rdc2 Rxc5 23. Rxc5 dxc5 24. Rxc5 Nc6 25. f4 Rd8 26. Kf2 Kf7 27.
a3 Rd2 28. Rc2 Rxc2 29. Nxc2 Ke6 30. Ke3 Kd5 31. Kd3 Kc5 32. b3 1/2-1/2

[Event "2012(Zaozhuang-China) Asian Nations Chess Cup"]
[Site "ZaoZhuang, China"]
[Date "2012.05.22"]
[Round "5"]
[Board "1"]
[White "Ghaem Maghami, Ehsan"]
[Black "Zhou, Weiqi"]
[Result "1-0"]
[WhiteElo "2578"]
[BlackElo "2624"]
[PlyCount "0"]
[EventDate "2012.05.17"]
[EventType "team"]
[EventRounds "9"]
[EventCountry "CHN"]
[WhiteTeam "Iran"]
[BlackTeam "China 2"]

1. d4 Nf6 2. c4 e6 3. Nc3 Bb4 4. g3 d5 5. Bg2 O-O 6. Nf3 dxc4 7. O-O Nc6 8. Bg5
h6 9. Bxf6 Qxf6 10. e3 Bd7 11. Qe2 Na5 12. Ne5 Qe7 13. Ne4 Rac8 14. Nxd7 Qxd7
15. Rfd1 b5 16. b3 Qe7 17. Rab1 c6 18. Qb2 cxb3 19. axb3 Nb7 20. Qa1 a5 21.
Rdc1 c5 22. dxc5 Nxc5 23. Nxc5 Rxc5 24. Rxc5 Qxc5 25. Rc1 Qd6 26. Rd1 Qb6 27.
Rd7 Rc8 28. Be4 Qc5 29. Kg2 Bc3 30. Qd1 Bf6 31. Rb7 Rd8 32. Qe2 b4 33. Rb5 Qc3
34. Qa2 Bg5 35. Qxa5 f5 36. Qb6 fxe4 37. Rxg5 Qf6 38. Re5 Qxe5 39. Qxd8+ Kh7
40. Qd4 Qxd4 41. exd4 Kg6 42. f3 exf3+ 43. Kxf3 Kf5 44. g4+ Kg5 45. Ke4 1-0

[Event "2012(Zaozhuang-China) Asian Nations Chess Cup"]
[Site "ZaoZhuang, China"]
[Date "2012.05.22"]
[Round "5"]
[Board "2"]
[White "Zhou, Jianchao"]
[Black "Seyedjavad, Alavimoghaddam"]
[Result "1/2-1/2"]
[WhiteElo "2609"]
[BlackElo "2441"]
[PlyCount "0"]
[EventDate "2012.05.17"]
[EventType "team"]
[EventRounds "9"]
[EventCountry "CHN"]
[WhiteTeam "China 2"]
[BlackTeam "Iran"]

1. d4 Nf6 2. c4 e6 3. Nc3 d5 4. Bg5 Be7 5. e3 h6 6. Bh4 O-O 7. Nf3 b6 8. Bxf6
Bxf6 9. cxd5 exd5 10. Be2 Bb7 11. O-O Re8 12. b4 c6 13. Qb3 a5 14. bxa5 Rxa5
15. Rab1 Nd7 16. a4 Qa8 17. Rfc1 Bd8 18. Qc2 Ba6 19. Bxa6 Rxa6 20. Ne2 Nb8 21.
Nc3 Nd7 22. Ne1 Re6 23. Nd3 Ra5 24. Nf4 Rd6 25. Qd3 Nf6 26. Rc2 c5 27. Nb5 Rd7
28. dxc5 bxc5 29. Rxc5 Rxa4 30. Rbc1 Ra1 31. Qd1 Rxc1 32. Qxc1 Qb7 33. Nd4 Bb6
34. Rc8+ Rd8 35. Rxd8+ Bxd8 36. h3 Bc7 37. Nfe2 Be5 1/2-1/2

[Event "2012(Zaozhuang-China) Asian Nations Chess Cup"]
[Site "ZaoZhuang, China"]
[Date "2012.05.22"]
[Round "5"]
[Board "3"]
[White "Puria, Darini"]
[Black "Zhao, Jun"]
[Result "0-1"]
[WhiteElo "2491"]
[BlackElo "2577"]
[PlyCount "0"]
[EventDate "2012.05.17"]
[EventType "team"]
[EventRounds "9"]
[EventCountry "CHN"]
[WhiteTeam "Iran"]
[BlackTeam "China 2"]

1. e4 e5 2. Nf3 Nc6 3. Bb5 Nf6 4. O-O Nxe4 5. d4 Nd6 6. Bg5 Be7 7. Bxe7 Qxe7 8.
Bxc6 dxc6 9. dxe5 Ne4 10. Qe2 Ng5 11. Nxg5 Qxg5 12. f4 Qg6 13. Nc3 Bf5 14. Qf2
O-O 15. Rae1 f6 16. exf6 Rxf6 17. Re7 Bxc2 18. Qe3 Rf7 19. Rxf7 Qxf7 20. f5 Qd7
21. g4 Rd8 22. Rf2 Bd3 23. Qxa7 Qe7 24. Qxb7 Qe1+ 25. Kg2 Be4+ 26. Nxe4 Qxe4+
27. Kg3 Rd3+ 28. Kh4 h5 29. Qc8+ Kh7 30. f6 g5+ 31. Kxg5 Qe3+ 32. Rf4 Rd5+ 33.
Qf5+ Rxf5+ 34. Kxf5 hxg4 35. Kxg4 Kg8 36. f7+ Kf8 37. b4 Qe2+ 38. Kg3 Qxa2 39.
h4 Qe2 40. Kh3 Qe3+ 41. Kg4 Qg1+ 42. Kf3 c5 43. bxc5 Qxc5 44. Kg4 Qg1+ 45. Kh5
c5 46. Kh6 c4 0-1

[Event "2012(Zaozhuang-China) Asian Nations Chess Cup"]
[Site "ZaoZhuang, China"]
[Date "2012.05.22"]
[Round "5"]
[Board "4"]
[White "Wen, Yang"]
[Black "Golizadeh, Asghar"]
[Result "1-0"]
[WhiteElo "2550"]
[BlackElo "2482"]
[PlyCount "0"]
[EventDate "2012.05.17"]
[EventType "team"]
[EventRounds "9"]
[EventCountry "CHN"]
[WhiteTeam "China 2"]
[BlackTeam "Iran"]

1. d4 Nf6 2. c4 e6 3. g3 Bb4+ 4. Bd2 Bxd2+ 5. Qxd2 d5 6. Bg2 c6 7. Nf3 Nbd7 8.
O-O O-O 9. Rc1 b6 10. cxd5 cxd5 11. Ne5 Nxe5 12. dxe5 Nd7 13. f4 Ba6 14. Na3
Nc5 15. Nc2 Ne4 16. Qe3 Rc8 17. Nd4 Qd7 18. Qa3 Rxc1+ 19. Rxc1 Rc8 20. Rd1 Bc4
21. Qe3 g6 22. g4 Qe7 23. Rc1 Ba6 24. Rxc8+ Bxc8 25. Bxe4 dxe4 26. Kf2 Bb7 27.
a3 Bd5 28. Nb5 Qd7 29. Nd6 Qa4 30. Qc3 Qd1 31. Qc8+ Kg7 32. Ne8+ Kh6 33. g5+
Kh5 34. Nf6+ Kh4 35. Qc3 1-0

[Event "2012(Zaozhuang-China) Asian Nations Chess Cup"]
[Site "ZaoZhuang, China"]
[Date "2012.05.22"]
[Round "5"]
[Board "1"]
[White "Abdulwahhab, Ahmed Abdulsattar A"]
[Black "Megaranto, Susanto"]
[Result "0-1"]
[WhiteElo "2321"]
[BlackElo "2517"]
[PlyCount "0"]
[EventDate "2012.05.17"]
[EventType "team"]
[EventRounds "9"]
[EventCountry "CHN"]
[WhiteTeam "Iraq"]
[BlackTeam "Indonesia"]

1. e4 e5 2. Nf3 Nc6 3. d4 exd4 4. Bc4 Bc5 5. c3 Nf6 6. O-O Nxe4 7. cxd4 d5 8.
dxc5 dxc4 9. Qe2 Qd3 10. Re1 f5 11. Nc3 O-O 12. Nxe4 fxe4 13. Qxe4 Bf5 14. Qf4
Bg6 15. Qg3 Bh5 16. Bh6 Qg6 17. Bf4 Nb4 18. Re5 Nd3 19. Rg5 Nxf4 20. Rxg6 Ne2+
21. Kf1 Nxg3+ 22. Rxg3 Rad8 23. Re1 Rd5 24. Re7 g6 25. Ng5 Rd1+ 26. Re1 Rd2 27.
Ne4 Rxb2 28. Rge3 Bg4 29. f3 Rxa2 30. Rc1 Bf5 31. Rxc4 Rd8 32. Re1 Bxe4 33.
Rcxe4 Rdd2 34. Rg4 Rac2 35. Rg5 Kf7 36. h4 Kf6 37. Kg1 a5 38. Re4 c6 39. Rf4+
Kg7 40. Re4 Kf6 41. Rf4+ Kg7 42. Re4 Re2 43. Rd4 Kf6 44. Rd7 Re7 45. Rd6+ Re6
46. Rd7 a4 47. Rg4 Rxc5 48. Rxb7 Ra5 49. Rf4+ Ke5 50. Rbb4 c5 51. Rxa4 Rxa4 52.
Rxa4 Kd5 53. Kf2 c4 54. Ra7 h6 55. Rd7+ Kc5 56. Rc7+ Kb4 57. Rb7+ Ka3 58. Ra7+
Kb3 59. Rb7+ Kc2 60. Rh7 c3 61. Rxh6 Kd1 62. Rh8 Re2+ 63. Kg3 c2 64. Rd8+ Rd2
65. Rc8 c1=Q 66. Rxc1+ Kxc1 67. f4 Kc2 68. f5 gxf5 69. Kf4 Rf2+ 70. Ke5 Kd3 71.
g3 Ke3 72. h5 f4 0-1

[Event "2012(Zaozhuang-China) Asian Nations Chess Cup"]
[Site "ZaoZhuang, China"]
[Date "2012.05.22"]
[Round "5"]
[Board "2"]
[White "Muhammad, Luthfi Ali"]
[Black "Al-Ali, Hussein Ali Hussein"]
[Result "1-0"]
[WhiteElo "2027"]
[BlackElo "2343"]
[PlyCount "0"]
[EventDate "2012.05.17"]
[EventType "team"]
[EventRounds "9"]
[EventCountry "CHN"]
[WhiteTeam "Indonesia"]
[BlackTeam "Iraq"]

1. e4 e6 2. d4 d5 3. Nc3 h6 4. Bd3 Nc6 5. Nf3 dxe4 6. Nxe4 Nf6 7. c3 Nxe4 8.
Bxe4 Bd6 9. Qc2 Bd7 10. Bd2 Qf6 11. O-O O-O 12. b4 Rab8 13. b5 Ne7 14. c4 Ng6
15. Bc3 Nh4 16. c5 Nxf3+ 17. Bxf3 Bf4 18. Be4 c6 19. g3 Bc7 20. d5 Be5 21. Bxe5
Qxe5 22. dxc6 bxc6 23. bxc6 Bc8 24. Rfe1 Qc7 25. Red1 f5 26. Bg2 e5 27. Qd2 Ba6
28. Qd6 Rbc8 29. Qe6+ Kh7 30. Rd7 Qb8 31. Bh3 Qb2 32. Bxf5+ Kh8 33. Rb1 1-0

[Event "2012(Zaozhuang-China) Asian Nations Chess Cup"]
[Site "ZaoZhuang, China"]
[Date "2012.05.22"]
[Round "5"]
[Board "2"]
[White "Munkhgal, Gombosuren"]
[Black "Goh, Wei Ming Kevin"]
[Result "1/2-1/2"]
[WhiteElo "2387"]
[BlackElo "2426"]
[PlyCount "0"]
[EventDate "2012.05.17"]
[EventType "team"]
[EventRounds "9"]
[EventCountry "CHN"]
[WhiteTeam "Mongolia"]
[BlackTeam "Singapore"]

1. d4 Nf6 2. c4 c5 3. d5 b5 4. f3 bxc4 5. e4 d6 6. Bxc4 g6 7. Bd2 Bg7 8. Bc3
O-O 9. Ne2 Na6 10. O-O Nc7 11. Nd2 Nd7 12. Bxg7 Kxg7 13. f4 Nb6 14. b3 f5 15.
Ng3 fxe4 16. Ndxe4 e6 17. dxe6 d5 18. f5 Bxe6 19. Nxc5 dxc4 20. Qxd8 Raxd8 21.
fxe6 Rxf1+ 22. Rxf1 Rf8 23. Rc1 cxb3 24. axb3 Re8 25. Re1 Nc8 26. h4 Nd6 27.
Nge4 Nxe4 28. Rxe4 Kf6 29. Ra4 Nxe6 30. Nd7+ Kg7 31. Ne5 Nc7 32. Rxa7 Rxe5 33.
Rxc7+ Kf6 34. Rc4 Re2 35. Kh2 Ke5 36. b4 Rb2 37. Rg4 Rb3 38. Rc4 Kd5 39. Rc5+
Ke4 40. Rb5 Kf4 41. h5 g5 42. Rb7 h6 43. Rb6 Kg4 44. Rxh6 Rxb4 45. Rh8 Rb1 46.
h6 Rb6 1/2-1/2

[Event "2012(Zaozhuang-China) Asian Nations Chess Cup"]
[Site "ZaoZhuang, China"]
[Date "2012.05.22"]
[Round "5"]
[Board "3"]
[White "Chan, Yi Ren Daniel"]
[Black "Battulga, Namkhai"]
[Result "0-1"]
[WhiteElo "2333"]
[BlackElo "2397"]
[PlyCount "0"]
[EventDate "2012.05.17"]
[EventType "team"]
[EventRounds "9"]
[EventCountry "CHN"]
[WhiteTeam "Singapore"]
[BlackTeam "Mongolia"]

1. e4 c5 2. Nf3 d6 3. d4 cxd4 4. Nxd4 Nf6 5. Nc3 a6 6. Bc4 e6 7. Bb3 b5 8. Bg5
Be7 9. Qf3 Qc7 10. O-O-O Nbd7 11. e5 Bb7 12. Qg3 dxe5 13. Bxe6 fxe6 14. Nxe6
Qc6 15. Nxg7+ Kf7 16. Nf5 Bf8 17. f4 e4 18. Rhe1 Re8 19. Rd4 b4 20. Ne2 Qe6 21.
Qh3 h6 22. g4 h5 23. Red1 Bc8 24. Nd6+ Bxd6 25. Rxd6 Qxa2 26. Qe3 hxg4 27. Qd4
Re6 28. f5 Rxd6 29. Qxd6 e3 30. c3 Qa1+ 31. Kc2 b3+ 32. Kxb3 Nc5+ 33. Kc4 Qa4+
34. b4 Qb3+ 35. Kxc5 Ne4+ 36. Kb6 Nxd6 37. Rxd6 Qc4 38. Nf4 Qb5+ 0-1

[Event "2012(Zaozhuang-China) Asian Nations Chess Cup"]
[Site "ZaoZhuang, China"]
[Date "2012.05.22"]
[Round "5"]
[Board "4"]
[White "Nasanjargal, Urtnasan"]
[Black "Chan, Peng Kong"]
[Result "1-0"]
[WhiteElo "2304"]
[BlackElo "2252"]
[PlyCount "0"]
[EventDate "2012.05.17"]
[EventType "team"]
[EventRounds "9"]
[EventCountry "CHN"]
[WhiteTeam "Mongolia"]
[BlackTeam "Singapore"]

1. e4 c5 2. Nf3 Nc6 3. d4 cxd4 4. Nxd4 Nf6 5. Nc3 d6 6. Bg5 e6 7. Qd2 a6 8.
O-O-O Qb6 9. Nb3 Be7 10. f3 O-O 11. h4 Rd8 12. Be3 Qc7 13. Qf2 Nd7 14. g4 b5
15. g5 b4 16. Ne2 Nce5 17. h5 a5 18. g6 a4 19. gxf7+ Kxf7 20. Nbd4 Nc5 21. Kb1
b3 22. Nc1 bxa2+ 23. Nxa2 a3 24. Nb5 Qc6 25. b3 Ned3 26. Rxd3 Nxd3 27. Bxd3 Ba6
28. Nd4 Qb7 29. Bxa6 Rxa6 30. Qg2 Bf6 31. f4 Ra4 32. Rd1 e5 33. Nf5 exf4 34.
Bd4 Rxd4 35. Nxd4 Qc8 36. Qe2 Qc5 37. b4 Rb8 38. c3 Be5 39. Qg4 Qc4 40. Qd7+
Kf6 41. Qc6 Qxc6 42. Nxc6 Rb6 43. Nxe5 Kxe5 44. Re1 f3 45. Nc1 Kf4 46. Nd3+ Kg3
47. Rg1+ Kh2 48. Rxg7 Rc6 49. Rf7 Kg3 50. Ne1 f2 51. Rf3+ Kg4 52. Rxf2 Rxc3 53.
Nc2 Kxh5 54. Ka2 Kg4 55. Nxa3 h5 56. b5 h4 57. b6 Rc8 58. b7 Rb8 59. Rb2 Kf4
60. Nc4 Kxe4 61. Rh2 Kf3 62. Nxd6 Kg3 63. Rb2 h3 64. Ne4+ Kf4 65. Nf2 h2 66.
Ka3 Ke5 67. Ka4 Kd5 1-0

[Event "2012(Zaozhuang-China) Asian Nations Chess Cup"]
[Site "ZaoZhuang, China"]
[Date "2012.05.22"]
[Round "5"]
[Board "1"]
[White "Nasser, Zendan Ali"]
[Black "Lai, Cyrus Ho-yeung"]
[Result "1-0"]
[WhiteElo "2377"]
[BlackElo "1826"]
[PlyCount "0"]
[EventDate "2012.05.17"]
[EventType "team"]
[EventRounds "9"]
[EventCountry "CHN"]
[WhiteTeam "Yemen"]
[BlackTeam "Hong Kong"]

1. e4 c5 2. Nf3 d6 3. d4 cxd4 4. Nxd4 Nf6 5. Nc3 g6 6. g3 Nc6 7. Bg2 Bd7 8. O-O
Bg7 9. Nde2 O-O 10. Nd5 Nxd5 11. exd5 Ne5 12. h3 Rc8 13. Nd4 Rc4 14. Be3 Qc8
15. Kh2 Bf5 16. f4 Nd7 17. Nxf5 gxf5 18. c3 b6 19. Qd3 Nf6 20. a4 Ne4 21. a5
Nxc3 22. Rfc1 bxa5 23. Bd2 1-0

[Event "2012(Zaozhuang-China) Asian Nations Chess Cup"]
[Site "ZaoZhuang, China"]
[Date "2012.05.22"]
[Round "5"]
[Board "2"]
[White "Lo, Cheuk Wai"]
[Black "Ahmed, Hatem Ebrahim"]
[Result "0-1"]
[WhiteElo "1818"]
[BlackElo "2278"]
[PlyCount "0"]
[EventDate "2012.05.17"]
[EventType "team"]
[EventRounds "9"]
[EventCountry "CHN"]
[WhiteTeam "Hong Kong"]
[BlackTeam "Yemen"]

1. e4 c6 2. d3 d5 3. Nd2 g6 4. g3 Bg7 5. Bg2 Nf6 6. Ngf3 Bg4 7. h3 Bd7 8. e5
Ng8 9. O-O Qc8 10. Kh2 h5 11. Qe2 h4 12. g4 Bxg4 13. hxg4 h3 14. Bh1 Nh6 15.
Rg1 Nxg4+ 16. Rxg4 Qxg4 17. Nb3 Nd7 18. d4 O-O-O 19. Bd2 Qf5 20. c4 dxc4 21.
Qxc4 Nb6 22. Qc5 f6 23. exf6 Bxf6 24. Qxf5+ gxf5 25. Ng5 Rh4 26. Ne6 Rd6 27.
Re1 Nc4 28. Bf4 Rxe6 29. Rxe6 Rxf4 30. Kg3 Rg4+ 31. Kxh3 Rh4+ 32. Kg2 Nxb2 33.
Kg1 Nd3 34. Re3 Nb4 35. Re2 b6 36. a3 Nd5 37. Rc2 Kd7 38. Bxd5 cxd5 39. Rd2 Rh3
0-1

[Event "2012(Zaozhuang-China) Asian Nations Chess Cup"]
[Site "ZaoZhuang, China"]
[Date "2012.05.23"]
[Round "6"]
[Board "2"]
[White "Hari Krishna, Pentala"]
[Black "Zhao, Jun"]
[Result "1/2-1/2"]
[WhiteElo "2693"]
[BlackElo "2577"]
[PlyCount "0"]
[EventDate "2012.05.17"]
[EventType "team"]
[EventRounds "9"]
[EventCountry "CHN"]
[WhiteTeam "India"]
[BlackTeam "China 2"]

1. d4 Nf6 2. c4 g6 3. Nc3 Bg7 4. e4 d6 5. f3 O-O 6. Nge2 c6 7. Bg5 Nbd7 8. Qd2
Qa5 9. Nc1 Qc7 10. Be2 a6 11. a4 e5 12. d5 cxd5 13. cxd5 Nh5 14. Nd3 f6 15. Be3
f5 16. a5 Ndf6 17. exf5 gxf5 18. O-O Qf7 19. f4 e4 20. Nb4 Bd7 21. Nc2 Rac8 22.
Na3 Qg6 23. Nc4 Ng4 24. Bxg4 fxg4 25. Nb6 Bxc3 26. bxc3 Rc7 27. g3 Ng7 28. c4
Nf5 29. c5 Bb5 30. cxd6 Qxd6 31. Rfc1 Re8 32. Rxc7 Qxc7 33. Rc1 Qd6 34. Qc3 Kf7
35. Qc7+ Qxc7 36. Rxc7+ Re7 37. Rc3 h5 38. Kf2 Re8 39. Rc7+ Re7 40. Rc5 Kg6 41.
Rc8 Re8 42. Rxe8 Bxe8 43. Nc4 Bb5 44. Ne5+ Kf6 45. Bc5 Be8 46. Ke2 Ba4 47. Kd2
Bb5 48. Kc2 Ba4+ 49. Kb2 Be8 50. Kb3 Bb5 51. Kc3 Be8 52. Nc4 Bf7 53. Nb6 Be8
54. Nc4 Bf7 55. Bd4+ Ke7 56. d6+ Ke6 57. Be5 Be8 58. Kd2 Bb5 59. Ne3 Nxd6 60.
Bxd6 Kxd6 61. Nf5+ Kc5 62. Ke3 b6 63. axb6 Kxb6 64. Nd6 Bd7 65. Nxe4 a5 66. Kd4
Kb5 67. Kc3 Kc6 68. Nf6 Bf5 69. Nxh5 Kd5 70. Nf6+ Ke6 71. Ne8 Kd7 72. Ng7 Be4
73. Kd4 a4 74. f5 a3 75. Kc3 Ke7 76. Kb3 Kf6 77. Nh5+ Kxf5 78. Kxa3 Bb7 79. Kb2
Ke4 80. Kc3 Kf3 81. Kd4 Kg2 82. Ke3 Kxh2 83. Kf4 Kh3 84. Nf6 Bf3 85. Nd7 Bd1
86. Nc5 Bc2 87. Ne6 Bd1 88. Nd4 Kg2 89. Nf5 Kh3 90. Ne3 Be2 91. Nc2 Bd1 1/2-1/2

[Event "2012(Zaozhuang-China) Asian Nations Chess Cup"]
[Site "ZaoZhuang, China"]
[Date "2012.05.23"]
[Round "6"]
[Board "4"]
[White "Gupta, Abhijeet"]
[Black "Lou, Yiping"]
[Result "1-0"]
[WhiteElo "2644"]
[BlackElo "2428"]
[PlyCount "0"]
[EventDate "2012.05.17"]
[EventType "team"]
[EventRounds "9"]
[EventCountry "CHN"]
[WhiteTeam "India"]
[BlackTeam "China 2"]

1. d4 d5 2. c4 e6 3. Nf3 a6 4. cxd5 exd5 5. Nc3 c6 6. Qc2 Bd6 7. Bg5 Ne7 8. e3
f6 9. Bh4 Bf5 10. Bd3 Bxd3 11. Qxd3 Ng6 12. Bg3 O-O 13. O-O-O f5 14. Ne5 Qe8
15. f4 Nd7 16. Be1 Qe6 17. h4 Ne7 18. h5 Nc8 19. h6 g6 20. Ne2 Nf6 21. Ng1 Ne4
22. Ngf3 Be7 23. Kb1 Ncd6 24. Rc1 Nf7 25. Qb3 Rab8 26. Bb4 Nxe5 27. fxe5 Rf7
28. Rc2 g5 29. Nd2 Nf2 30. Bxe7 Rxe7 31. Rhc1 Rf8 32. Qa3 Ref7 33. Nb3 Ne4 34.
Rh1 f4 35. exf4 Rxf4 36. Qb4 R4f7 37. a4 Qg6 38. Ka2 Nf2 39. Rxf2 Rxf2 40. Qxb7
Rxg2 41. Nc5 Rgf2 42. Nd7 R2f7 43. e6 Qxe6 44. Nxf8 Qd6 45. Qxa6 Rxf8 46. Qb7
Qf6 47. Rg1 Kh8 48. Rf1 Qxh6 49. Rxf8+ Qxf8 50. a5 Qf1 51. Qxc6 Qe1 52. a6 Kg7
53. Qa4 1-0

[Event "2012(Zaozhuang-China) Asian Nations Chess Cup"]
[Site "ZaoZhuang, China"]
[Date "2012.05.23"]
[Round "6"]
[Board "3"]
[White "Puria, Darini"]
[Black "Ding, Liren"]
[Result "1/2-1/2"]
[WhiteElo "2491"]
[BlackElo "2679"]
[PlyCount "0"]
[EventDate "2012.05.17"]
[EventType "team"]
[EventRounds "9"]
[EventCountry "CHN"]
[WhiteTeam "Iran"]
[BlackTeam "China 1"]

1. e4 c6 2. d4 d5 3. e5 Bf5 4. Nf3 e6 5. Be2 c5 6. Be3 cxd4 7. Nxd4 Ne7 8. Nd2
Nbc6 9. N2f3 Bg4 10. O-O Bxf3 11. Nxf3 Qc7 12. Bf4 h6 13. c4 dxc4 14. Bxc4 g5
15. Bg3 Nf5 16. Rc1 Bg7 17. Bb5 O-O 18. Qa4 Qb6 19. Bxc6 bxc6 20. b3 Nxg3 21.
hxg3 Qb5 22. Qe4 Qa5 23. Rc2 Rab8 24. Rfc1 Rb6 25. Nd4 Qxe5 26. Qxe5 Bxe5 27.
Nxc6 Bb8 28. Rd1 Kg7 29. Na5 f5 30. Rd7+ Rf7 31. Rxf7+ Kxf7 32. Rc8 Rb5 33. Nc4
Kf6 34. Rf8+ Kg7 35. Rc8 Kf6 36. Rh8 Kg7 37. Rd8 a5 38. Kf1 a4 39. bxa4 Rb4 40.
a5 Rxc4 1/2-1/2

[Event "2012(Zaozhuang-China) Asian Nations Chess Cup"]
[Site "ZaoZhuang, China"]
[Date "2012.05.23"]
[Round "6"]
[Board "4"]
[White "Yu, Yangyi"]
[Black "Mahjoob, Morteza"]
[Result "1-0"]
[WhiteElo "2626"]
[BlackElo "2424"]
[PlyCount "0"]
[EventDate "2012.05.17"]
[EventType "team"]
[EventRounds "9"]
[EventCountry "CHN"]
[WhiteTeam "China 1"]
[BlackTeam "Iran"]

1. e4 c5 2. Nf3 Nc6 3. Bb5 d6 4. O-O Bd7 5. Re1 Nf6 6. c3 a6 7. Bf1 Bg4 8. d4
cxd4 9. cxd4 e5 10. d5 Nd4 11. Be3 Nxf3+ 12. gxf3 Bd7 13. Nd2 b5 14. a4 Be7 15.
axb5 axb5 16. Qb3 O-O 17. Rec1 h6 18. Rxa8 Qxa8 19. Qa3 Qxa3 20. bxa3 Ra8 21.
Rc3 Ne8 22. Rb3 Bg5 23. Bxb5 Bxb5 24. Rxb5 Bxe3 25. fxe3 Rxa3 26. Rb8 Kf8 27.
Nc4 Ra6 28. f4 exf4 29. exf4 g5 30. e5 Ke7 31. Rb7+ Kf8 32. Rd7 dxe5 33. fxe5
Ra8 34. Kf2 Rc8 35. Ne3 Ng7 36. Kf3 h5 37. Ra7 Rb8 38. Ke4 Rb4+ 39. Kd3 Rb8 40.
Nc4 Nf5 41. Ke4 Ne7 42. Rc7 g4 43. d6 Ng6 44. d7 Rd8 45. Nd6 h4 46. Nf5 Ne7 47.
Nxh4 Kg7 48. Nf5+ 1-0

[Event "2012(Zaozhuang-China) Asian Nations Chess Cup"]
[Site "ZaoZhuang, China"]
[Date "2012.05.23"]
[Round "6"]
[Board "1"]
[White "Abdulwahhab, Ahmed Abdulsattar A"]
[Black "Jumabayev, Rinat"]
[Result "1/2-1/2"]
[WhiteElo "2321"]
[BlackElo "2556"]
[PlyCount "0"]
[EventDate "2012.05.17"]
[EventType "team"]
[EventRounds "9"]
[EventCountry "CHN"]
[WhiteTeam "Iraq"]
[BlackTeam "Kazakhstan"]

1. e4 g6 2. d4 Bg7 3. Nc3 d6 4. Bc4 Nf6 5. Bb3 O-O 6. Nf3 Bg4 7. h3 Bxf3 8.
Qxf3 Nfd7 9. h4 Nc6 10. Ne2 Nxd4 11. Nxd4 Bxd4 12. h5 e6 13. hxg6 hxg6 14. Qh3
Re8 15. c3 Bf6 16. Bh6 Nc5 17. Bc2 e5 18. b4 Ne6 19. Bb3 a5 20. b5 a4 21. Bd5
Qc8 22. Rd1 c6 23. bxc6 bxc6 24. Bc4 d5 25. exd5 cxd5 26. Bxd5 Nf4 27. Bxf4
exf4+ 28. Kf1 Qxh3 29. Rxh3 Rab8 30. Bc6 Rec8 31. Bxa4 Rxc3 32. Rxc3 Bxc3 33.
Bb3 Rb6 34. Ke2 Kg7 35. Kf3 Be5 36. Rd5 f6 37. Rd3 f5 38. a4 Kf6 39. Bc4 Rb4
40. Bb5 g5 41. Ke2 Bd4 42. Rd2 Ke5 43. Ra2 g4 44. Bd3 Rb3 45. f3 Rb7 46. a5 Rg7
47. Ke1 Bc3+ 48. Kd1 Kd4 49. Be2 Ke3 50. a6 Rd7+ 51. Kc1 Bd2+ 52. Kd1 Bb4+ 53.
Kc1 Bd2+ 54. Kd1 Bb4+ 55. Kc1 g3 56. Bd1 Rc7+ 57. Kb1 Bc5 58. Re2+ Kd3 59. Rc2
Kd4 60. Kb2 Rh7 61. Kb3 Rh1 62. Be2 Rg1 63. Bc4 Rb1+ 64. Ka2 Rb4 65. Bf1 Ra4+
66. Kb2 Rb4+ 67. Kc1 Ra4 68. Kb2 Kd5 69. Bd3 Rb4+ 70. Ka2 Ra4+ 71. Kb2 Bd4+ 72.
Kb3 Ra1 73. Ra2 Rxa2 74. Kxa2 Kc6 1/2-1/2

[Event "2012(Zaozhuang-China) Asian Nations Chess Cup"]
[Site "ZaoZhuang, China"]
[Date "2012.05.23"]
[Round "6"]
[Board "3"]
[White "Ismael, Namir Mohammed Ismael"]
[Black "Ismagambetov, Anuar"]
[Result "1/2-1/2"]
[WhiteElo "2192"]
[BlackElo "2478"]
[PlyCount "0"]
[EventDate "2012.05.17"]
[EventType "team"]
[EventRounds "9"]
[EventCountry "CHN"]
[WhiteTeam "Iraq"]
[BlackTeam "Kazakhstan"]

1. Nf3 Nf6 2. g3 d5 3. Bg2 e6 4. O-O Be7 5. d3 b6 6. c4 Bb7 7. b3 Nbd7 8. Bb2
O-O 9. Nbd2 c5 10. Qc2 d4 11. b4 Re8 12. bxc5 bxc5 13. Rfb1 Bc6 14. Nf1 Qc7 15.
Bc1 h6 16. Bf4 Qc8 17. Qb2 Bd8 18. Ne1 e5 19. Bxc6 Qxc6 20. Bd2 Rb8 21. Qa3 Bb6
22. e4 dxe3 23. Nxe3 e4 24. Bc3 Ne5 25. Bxe5 Rxe5 26. N1g2 exd3 27. Rd1 Rd8 28.
Rxd3 Rd4 29. Rad1 Qf3 30. Qb2 Ne4 31. Qc2 Ng5 32. h4 Nh3+ 33. Kf1 Kf8 34. Qe2
Qe4 35. Qd2 Qf3 36. Qe2 Qc6 37. Qd2 Re6 38. Nd5 Rde4 39. Nxb6 axb6 40. Rd8+ Re8
41. Rxe8+ Qxe8 42. Qd6+ Kg8 43. Qd8 Qxd8 44. Rxd8+ Kh7 45. Ne3 1/2-1/2

[Event "2012(Zaozhuang-China) Asian Nations Chess Cup"]
[Site "ZaoZhuang, China"]
[Date "2012.05.23"]
[Round "6"]
[Board "4"]
[White "Khusnutdinov, Rustam"]
[Black "Mohammed, Zozek Salah Mohammed"]
[Result "1-0"]
[WhiteElo "2509"]
[BlackElo "2268"]
[PlyCount "0"]
[EventDate "2012.05.17"]
[EventType "team"]
[EventRounds "9"]
[EventCountry "CHN"]
[WhiteTeam "Kazakhstan"]
[BlackTeam "Iraq"]

1. d4 d5 2. c4 c6 3. Nf3 Nf6 4. Qc2 e6 5. Bg5 Be7 6. e3 O-O 7. Nc3 Nbd7 8. Rd1
Re8 9. a3 b6 10. Be2 Ba6 11. Nd2 dxc4 12. Nxc4 Nd5 13. Bxe7 Qxe7 14. O-O Nxc3
15. Qxc3 c5 16. dxc5 Nxc5 17. b4 Ne4 18. Qe5 Bxc4 19. Bxc4 Nf6 20. Ba6 Red8 21.
Rc1 Rd6 22. Rfd1 Rxd1+ 23. Rxd1 Rd8 24. Rc1 h6 25. h3 Kf8 26. Bb5 Nd5 27. g3 a5
28. e4 Nf6 29. Rc7 Rd1+ 30. Kg2 Qd8 31. bxa5 bxa5 32. Qc5+ 1-0

[Event "2012(Zaozhuang-China) Asian Nations Chess Cup"]
[Site "ZaoZhuang, China"]
[Date "2012.05.23"]
[Round "6"]
[Board "2"]
[White "Munkhgal, Gombosuren"]
[Black "Hamdani, Rudin"]
[Result "0-1"]
[WhiteElo "2387"]
[BlackElo "2322"]
[PlyCount "0"]
[EventDate "2012.05.17"]
[EventType "team"]
[EventRounds "9"]
[EventCountry "CHN"]
[WhiteTeam "Mongolia"]
[BlackTeam "Indonesia"]

1. d4 d5 2. c4 c6 3. Nc3 Nf6 4. Nf3 dxc4 5. a4 Bf5 6. e3 e6 7. Bxc4 a5 8. O-O
Nbd7 9. Qe2 Nb6 10. Bb3 Be7 11. e4 Bg4 12. Rd1 O-O 13. h3 Bh5 14. g4 Bg6 15.
Ne5 Bb4 16. Bg5 h6 17. Nxg6 fxg6 18. Bxe6+ Kh8 19. Bh4 Qe8 20. Bb3 g5 21. Bg3
Bxc3 22. bxc3 Qxe4 23. Re1 Qxe2 24. Rxe2 Nbd5 25. c4 Nf4 26. Bxf4 gxf4 27. Re7
Rfd8 28. Rd1 Rab8 29. Bc2 Rd6 30. Kg2 b6 31. Kf3 g5 32. h4 Re8 33. Rb7 c5 34.
hxg5 hxg5 35. Rh1+ Kg8 36. Bg6 Red8 37. Bf7+ Kf8 38. Rh8+ Kg7 39. Rxd8 Rxd8 40.
Be6+ Kh8 41. d5 Ne8 42. Rxb6 Nd6 43. Rc6 Kg7 44. Rxc5 Rb8 45. Bf5 Kf6 46. Rc7
Rb3+ 47. Kg2 Ke5 48. Bg6 Rb7 49. Rc6 Rd7 50. Bf5 Rd8 51. Rc7 Kd4 52. c5 Nxf5
53. gxf5 Rxd5 54. f6 Rf5 55. f7 g4 56. Re7 Kd5 57. f3 g3 58. Kh3 Kc6 59. Ra7
Kd5 60. Rb7 Rf6 61. Rc7 Rf5 62. Rb7 Rf6 63. Rc7 Rf5 64. c6 Kd6 65. Kg4 Rf6 66.
Kg5 Ke6 67. Rd7 g2 68. Rd1 Rxf7 69. c7 Rxc7 70. Kxf4 Rg7 71. Rg1 Kd5 72. Kf5
Kd4 73. Kf6 Rg3 74. f4 Ke3 75. f5 Kf2 76. Rb1 g1=Q 77. Rxg1 Rxg1 78. Ke5 Ke3
79. f6 Rf1 0-1